00648 2200217 4500001002100000005001500021008004100036020002200077035001900099041000700118082001200125090001800137100002500155700002600180700001700206245010900223250000600332260004400338300003300382650001500415INLIS00000000001104720241224114117241224||||||||| | ||| |||| || |  a978-979-769-481-4 0010-1224011047 aid0 a720.611 a720.611 ADJ t0 aAdjeng Hidayah Tsabi0 aAdjeng Hidayah Tsabit0 aSri Pare Eni00aTinjauan Populer Arsitektur Kuno dan Modern Tunisia-Afrika Utara Pantai, Lembah Subur hingga Gurun Pasir a1 aJakartabpt. Rajagrafindo persadac2012 a23x15,5 cm, xviii, 182 hlm.; 0aArsitektur